Bonjour dans 15 langues - Statistiques

Statistiques générales
  • Ce quiz a été pris 1 529 fois
  • Le résultat moyen est 11 sur 15
Statistiques - réponses
Hint Réponse % Correct
Buenos Dias Espagnol
96%
Hello Anglais
95%
Bonjour Français
95%
Guten Tag Allemand
94%
السلام عليكم (assalamou 'alaykoum) Arabe
92%
你好 (nǐ hǎo) Chinois
88%
안녕하세요 - Annyeonghaseyo Coréen
87%
Привет (Privet) Russe
87%
Bom dia Portugais
83%
おはようございます (OHAYÔ GOZAIMASU) Japonais
74%
Günaydin Turc
62%
Dzień dobry Polonais
41%
Dobré nàno Tchèque
40%
Jó reggelt kívánok Hongrois
35%
Maidin mhaith Irlandais
31%
Aucun quiz correspondant
Distribution des résultats
% des personnes avec chaque résultat
Percentile par nombre de réponses
Votre historique - résultats
Vous n’avez pas pris ce quiz